South Carolina True or False - Statistics

General Stats
  • This quiz has been taken 22 times
  • The average score is 13 of 15
Answer Stats
Question Answer % Correct
South Carolina was the first state to secede in the Civil War True
100%
South Carolina has less people than North Carolina True
100%
Charleston is the capital of South Carolina False
95%
In elections, South Carolina is a "red" state True
95%
Charleston's population peaked in the 18th century and has been declining ever since False
90%
South Carolina borders the Gulf of America False
90%
South Carolina is the poorest state by GDP Per Capita False
90%
South Carolina borders Florida False
90%
South Carolina has a subtropical climate True
90%
South Carolina's has wild alligators True
85%
South Carolina is over 25% Black True
85%
South Carolina has no national parks False
75%
The Appalachian Mountains run through part of the state True
75%
South Carolina is the birthplace of a US President True
75%
South Carolina seceded from North Carolina due to slavery disagreement False
65%
No matching quizzes found
Score Distribution
Percent of People with Each Score
Percentile by Number Answered
Your Score History
You have not taken this quiz